[Event "Hannover Bezirks op"]
[Site "Hannover"]
[Date "2019.01.19"]
[Round "1.3"]
[White "Kiesel, Harald"]
[Black "Bartel, Reinhard"]
[Result "1-0"]
[WhiteElo "2051"]
[BlackElo "1549"]
[PlyCount "97"]
[EventDate "2019.01.19"]
[EventType "swiss"]
[EventRounds "7"]
[EventCountry "GER"]
[SourceTitle "EXT 2023"]
[Source "ChessBase"]
[SourceDate "2022.10.05"]
[SourceVersion "1"]
[SourceVersionDate "2022.10.05"]
[SourceQuality "1"]

1. e4 c5 2. Nf3 d6 3. d4 cxd4 4. Nxd4 Nf6 5. Nc3 a6 6. g3 e5 7. Nb3 Bg4 8. f3 Be6 9. Be3 b5 10. Bg2 Nc6 11. Qd2 Rc8 12. 0-0 Be7 13. Kh1 d5 14. exd5 Nxd5 15. Nxd5 Bxd5 16. Rfd1 Bc4 17. Qf2 Qc7 18. Bh3 Be6 19. Bxe6 fxe6 20. Nc5 Bxc5 21. Bxc5 Ne7 22. Bd6 Qb7 23. Bxe5 0-0 24. Rd3 Rf5 25. Bd6 Rcf8 26. Kg2 R8f7 27. Re1 R7f6 28. Be5 Rf8 29. Bd6 R8f6 30. Bxe7 Qxe7 31. Qb6 Qc5 32. Qxc5 Rxc5 33. c3 Rc6 34. Rd7 Rf7 35. Red1 Rxd7 36. Rxd7 Kf8 37. a3 Kg8 38. Kf2 Kf8 39. Ke3 Kg8 40. h4 h6 41. h5 Rc5 42. g4 Re5+ 43. Kd2 a5 44. b4 axb4 45. axb4 Kf8 46. f4 Re4 47. Rd4 Rxd4+ 48. cxd4 Ke7 49. Ke3 1-0

[Event "Vellmar op 8th"]
[Site "Vellmar"]
[Date "2016.07.30"]
[Round "5"]
[White "Koenig, Friedrich Theodor"]
[Black "Kiesel, Harald"]
[Result "0-1"]
[WhiteElo "1805"]
[BlackElo "2074"]
[PlyCount "72"]
[EventDate "2016.07.28"]
[EventType "swiss"]
[EventRounds "7"]
[EventCountry "GER"]
[SourceTitle "CBM 173 Extra"]
[Source "ChessBase"]
[SourceDate "2016.08.29"]
[SourceVersion "1"]
[SourceVersionDate "2016.08.29"]
[SourceQuality "1"]

1. d4 e6 2. c4 Nf6 3. Nc3 d5 4. cxd5 exd5 5. Bg5 Be7 6. e3 0-0 7. Bd3 c6 8. Qc2 Nbd7 9. Nge2 Re8 10. 0-0 Nf8 11. Bh4 Nh5 12. Bxe7 Qxe7 13. Rfc1 a5 14. Na4 Qg5 15. Ng3 Nxg3 16. hxg3 Bg4 17. Nb6 Rad8 18. Be2 Bxe2 19. Qxe2 Rd6 20. Rc5 Ne6 21. Nc4 Rdd8 22. Rxa5 Nxd4 23. Qd1 Nf5 24. Nd2 Qf6 25. g4 Nd6 26. Rb1 Qg6 27. Rc1 h6 28. Ra7 d4 29. exd4 Nb5 30. Rxb7 Nxd4 31. Rc4 Ne2+ 32. Kh1 Rxd2 33. Qxd2 Qb1+ 34. Rc1 Qxc1+ 35. Qxc1 Nxc1 36. Rc7 Nxa2 0-1

[Event "Hannover Region-ch"]
[Site "Hannover"]
[Date "2016.04.02"]
[Round "6"]
[White "Kiesel, Harald"]
[Black "Schulze, Torben"]
[Result "0-1"]
[WhiteElo "2088"]
[BlackElo "2301"]
[PlyCount "92"]
[EventDate "2016.01.16"]
[EventType "swiss"]
[EventRounds "7"]
[EventCountry "GER"]
[SourceTitle "EXT 2020"]
[Source "ChessBase"]
[SourceDate "2019.10.17"]
[SourceVersion "1"]
[SourceVersionDate "2019.10.17"]
[SourceQuality "1"]

1. e4 Nc6 2. Nf3 e5 3. Bb5 Nge7 4. 0-0 a6 5. Ba4 g6 6. c3 Bg7 7. d4 b5 8. Bb3 0-0 9. Nxe5 Nxe5 10. dxe5 Bxe5 11. f4 Bg7 12. f5 Nc6 13. Nd2 Na5 14. fxg6 hxg6 15. Nf3 Nxb3 16. Qxb3 Qe7 17. Ng5 Bb7 18. Bf4 Bf6 19. h4 Bxe4 20. Nxe4 Qxe4 21. Rae1 Qc6 22. Bh6 Rfe8 23. Rxe8+ Rxe8 24. Bg5 Re6 25. Bxf6 Rxf6 26. Rxf6 Qxf6 27. Qd5 Qe6 28. Qa8+ Kg7 29. Qd8 c5 30. b3 Qe1+ 31. Kh2 Qxc3 32. Qxd7 Qe5+ 33. Kh3 Qe6+ 34. Qxe6 fxe6 35. Kg4 Kf6 36. Kf4 e5+ 37. Ke4 c4 38. bxc4 bxc4 39. g4 Ke6 40. a3 a5 41. a4 Ke7 42. Ke3 Kd6 43. Ke4 Ke6 44. Kf3 c3 45. Ke3 e4 46. Ke2 Kf6 0-1

[Event "Hannover Region-ch"]
[Site "Hannover"]
[Date "2016.01.30"]
[Round "2"]
[White "Kiesel, Lucas"]
[Black "Kiesel, Harald"]
[Result "0-1"]
[WhiteElo "1591"]
[BlackElo "2088"]
[PlyCount "92"]
[EventDate "2016.01.16"]
[EventType "swiss"]
[EventRounds "7"]
[EventCountry "GER"]
[SourceTitle "EXT 2020"]
[Source "ChessBase"]
[SourceDate "2019.10.17"]
[SourceVersion "1"]
[SourceVersionDate "2019.10.17"]
[SourceQuality "1"]

1. d4 e6 2. c4 Nf6 3. Nf3 b6 4. Nc3 Bb4 5. Bg5 Bb7 6. e3 h6 7. Bh4 0-0 8. Bd3 d6 9. 0-0 Bxc3 10. bxc3 Nbd7 11. Nd2 e5 12. Be4 Qc8 13. Bxb7 Qxb7 14. Qa4 Rfe8 15. Rae1 c5 16. f3 Rac8 17. d5 g5 18. Bg3 Nh5 19. Bf2 Nf8 20. g4 Nf6 21. e4 Ng6 22. Be3 Kh7 23. Kf2 Kg7 24. Rh1 Qd7 25. Qb5 Nf4 26. Bxf4 exf4 27. h4 Qxb5 28. cxb5 c4 29. hxg5 hxg5 30. Rb1 Nd7 31. Rb4 Ne5 32. Ra4 Re7 33. Kg2 Rc5 34. Rb1 Rec7 35. Rbb4 Kf6 36. Kf1 Ke7 37. Kg2 Kd8 38. Kh2 Kc8 39. Kg2 Kb8 40. Kh2 f6 41. Kg2 Rc8 42. Kh3 R5c7 43. Kg2 Rh8 44. Rb1 Rch7 45. Nf1 Rh3 46. Rbb4 Rxf3 0-1